Training for the painting and decorating trade, (Record no. 21599)

MARC details
000 -LEADER
fixed length control field 00928cam a22002411 4500
001 - CONTROL NUMBER
control field e 38000235
003 - CONTROL NUMBER IDENTIFIER
control field DLC
005 - DATE AND TIME OF LATEST TRANSACTION
control field 20260227111227.0
008 - FIXED-LENGTH DATA ELEMENTS--GENERAL INFORMATION
fixed length control field 780623s1938 dcua f000 0 eng
010 ## - LIBRARY OF CONGRESS CONTROL NUMBER
LC control number e 38000235
035 ## - SYSTEM CONTROL NUMBER
System control number (OCoLC)3998783
040 ## - CATALOGING SOURCE
Original cataloging agency DLC
Transcribing agency NUtSU
Modifying agency OCoLC
-- DLC
042 ## - AUTHENTICATION CODE
Authentication code premarc
050 00 - LIBRARY OF CONGRESS CALL NUMBER
Classification number LC1045
Item number .A25 no. 193
100 1# - MAIN ENTRY--PERSONAL NAME
Personal name Stier, Leslie G.,
Dates associated with a name 1892-
245 10 - TITLE STATEMENT
Title Training for the painting and decorating trade,
Statement of responsibility, etc. by L. G. Stier. United States Department of the Interior, Harold L. Ickes, secretary. Office of education, J. W. Studebaker, commissioner.
260 ## - PUBLICATION, DISTRIBUTION, ETC.
Place of publication, distribution, etc. [Washington,
Name of publisher, distributor, etc. U.S. Govt. print. off,
Date of publication, distribution, etc. 1938]
300 ## - PHYSICAL DESCRIPTION
Extent v, 138 p.
Other physical details illus., col. charts.
Dimensions 23 cm.
490 0# - SERIES STATEMENT
Series statement U. S. Office of education. [Vocational education] bulletin
Volume/sequential designation no. 193. Trade and industrial series no. 55
650 #0 - SUBJECT ADDED ENTRY--TOPICAL TERM
Topical term or geographic name entry element Painting, Industrial.
650 #0 - SUBJECT ADDED ENTRY--TOPICAL TERM
Topical term or geographic name entry element House painting.
650 #0 - SUBJECT ADDED ENTRY--TOPICAL TERM
Topical term or geographic name entry element Technical education.

No items available.

Powered by Koha